Ornament and abstraction : (Record no. 26316)

000 -LEADER
fixed length control field 01435cam a22003014a 4500
001 - CONTROL NUMBER
control field 12405623
005 - DATE AND TIME OF LATEST TRANSACTION
control field 20170203164449.0
008 - FIXED-LENGTH DATA ELEMENTS--GENERAL INFORMATION
fixed length control field 010511s2002 ctua bc 000 0 eng
010 ## - LIBRARY OF CONGRESS CONTROL NUMBER
LC control number 2001090936
020 ## - INTERNATIONAL STANDARD BOOK NUMBER
International Standard Book Number 0300092261 (cloth : alk. paper)
040 ## - CATALOGING SOURCE
Original cataloging agency DLC
Transcribing agency DLC
Modifying agency DLC
042 ## - AUTHENTICATION CODE
Authentication code pcc
050 00 - LIBRARY OF CONGRESS CALL NUMBER
Classification number NK1175
Item number .O76 2002
245 00 - TITLE STATEMENT
Title Ornament and abstraction :
Remainder of title the dialogue between non-Western, modern and contemporary art /
Statement of responsibility, etc. edited by Markus Brüderlin with contributions by Ernst Beyeler ... [et al.].
260 ## - PUBLICATION, DISTRIBUTION, ETC. (IMPRINT)
Place of publication, distribution, etc. [New Haven, Conn.] :
Name of publisher, distributor, etc. Yale University Press ;
Place of publication, distribution, etc. [Köln] :
Name of publisher, distributor, etc. Dumont,
Date of publication, distribution, etc. 2002.
300 ## - PHYSICAL DESCRIPTION
Extent 255 p. :
Other physical details col. ill. ;
Dimensions 31 cm.
500 ## - GENERAL NOTE
General note Published on the occasion of the exhibition held June 10-Oct. 7, 2001 in the Fondation Beyeler, Riehen, Basel.
504 ## - BIBLIOGRAPHY, ETC. NOTE
Bibliography, etc Includes bibliographical references (p. 242-245).
650 #0 - SUBJECT ADDED ENTRY--TOPICAL TERM
Topical term or geographic name as entry element Decoration and ornament
General subdivision History
Form subdivision Exhibitions.
650 #0 - SUBJECT ADDED ENTRY--TOPICAL TERM
Topical term or geographic name as entry element Decoration and ornament
General subdivision Influence
Form subdivision Exhibitions.
650 #0 - SUBJECT ADDED ENTRY--TOPICAL TERM
Topical term or geographic name as entry element Art, Abstract
Form subdivision Exhibitions.
700 1# - ADDED ENTRY--PERSONAL NAME
Personal name Brüderlin, Markus.
710 2# - ADDED ENTRY--CORPORATE NAME
Corporate name or jurisdiction name as entry element Fondation Beyeler.
942 ## - ADDED ENTRY ELEMENTS (KOHA)
Source of classification or shelving scheme
Koha item type Hard Covered Materials
Classification part NK1175 .O76 2002
Holdings
Withdrawn status Lost status Source of classification or shelving scheme Damaged status Not for loan Home library Current library Shelving location Date acquired Source of acquisition Total Checkouts Full call number Barcode Date last seen Price effective from Koha item type
          MACHAKOS UNIVERSITY LIBRARY MACHAKOS UNIVERSITY LIBRARY Technical section 03/02/2017 Donation(BFA)   NK1175 .O76 2002 34020 10/07/2018 03/02/2017 Hard Covered Materials
© Machakos University Library, Along The Highway, Machakos Wote Rd, Machakos, Kenya P.O. Box 136 - 90100 Machakos - Kenya

Tel: ( +254 ) 723 805829 OR Fax : 044-20353 OR Email: library@mksu.ac.ke